Prípad Jana Hrkaľu ; V predvečer ; Nijakej radosti ; Mocnár

Bibliographic Details
Main Author: Timrava, 1867-1951 (Author)
Other Authors: Šulc, Dušan, 1912-1995 (Editor)
Format: Book
Language:Slovak
PhysicalDescription:162, [3] s. . 8°
Published: [Turčiansky Sv. Martin] Matica slovenská 1947
Edition:2. vyd.
Series:Timrava, 1867-1951 Sobrané spisy
Subjects:

MARC

LEADER 00000cam a2200000 a 4500
001 vtls008402421
003 SK-MaSNL
005 20260302004156.0
008 250312s1947 xo g 000 f slo
015 |a SNBA19451955-012598 
035 |a SK01SNKBKSFS20020094638 
035 |a urn:nbn:sk:snk-am3hr4p 
035 |a 2B7CA0DF-0BFC-4FE7-A350-99A7FB7B4206 
035 |a urn:nbn:sk:snk-am00d6au 
035 |a SKM000097101 
040 |a SNK  |b slo  |c SNK  |e AACR2 
041 0 |a slo 
044 |a xo  |c SK 
080 |a 885.4-3  |2 1981 
100 0 |a Timrava,  |d 1867-1951  |4 aut  |9 37213 
245 1 0 |a Prípad Jana Hrkaľu ; V predvečer ; Nijakej radosti ; Mocnár  |c Timrava 
250 |a 2. vyd. 
260 |a [Turčiansky Sv. Martin]  |b Matica slovenská  |c 1947  |e [Turčiansky Sv. Martin]  |f Neografia 
300 |a 162, [3] s.  |c . 8° 
490 1 |a Sobrané spisy Timravy  |v sv. 2 
655 7 |a slovenské novely  |2 SNKPH  |9 70570 
655 7 |a slovenské poviedky  |2 SNKPH  |9 70226 
700 1 |a Šulc, Dušan,  |d 1912-1995  |4 edt  |9 5856 
700 1 |a Hložník, Vincent,  |d 1919-1997  |4 oth  |9 107708 
740 0 2 |a V predvečer 
740 0 2 |a Nijakej radosti 
740 0 2 |a Mocnár 
800 0 |a Timrava,  |d 1867-1951  |t Sobrané spisy  |9 289382 
852 |a Slovenská národná knižnica 
954 |a beletria pôvodná (slovenská)  |2 lita 
958 |a OND 
958 |a RK 
958 |a TL 
999 |c 994921  |d 996851 
952 |a SNK  |b SNK  |y VYP  |7 0  |p 17A0568533  |o snkSD 5750/2 D2  |i snkF 5020/65  |8 5  |0 0  |1 0  |4 0  |d 2008-01-10  |l 0  |r 2026-02-24 12:01:03  |w 2026-02-24 
952 |a SNK  |b SNK  |y VYP  |7 0  |p 17A0568461  |o snkSD 5750/2 D1  |i snkKSF 493/57  |8 5  |0 0  |1 0  |4 0  |d 2008-01-10  |l 0  |r 2026-02-24 12:01:03  |w 2026-02-24 
952 |a SNK  |b SNK  |y PREZ  |7 0  |p 17A0909413  |o snkSD 5750/2  |i snk4793/47  |0 0  |1 0  |4 0  |d 2018-11-16  |f 1  |l 0  |r 2025-11-13 00:00:00  |w 2026-02-24 
952 |a SNKLM  |b SNKLM  |y NEVYP  |7 0  |o snklmDK 7196 SNKLM  |i snklm2015/131  |8 3  |g 10.00  |0 0  |1 0  |4 0  |d 2016-05-24  |l 0  |r 2026-02-24 12:01:03  |w 2026-02-24